00743nam a22002417a 4500003000500000005001700005008004100022010000900063011001000072035000900082040000900091082001400100100002200114245002500136260003000161300002000191490007900211650003200290700001900322700002000341710006100361830007900422CHAP20220817041242.0971013s1982 r 00010 d a9631 a10603 a9841 cCHAP a512.7bA200aAbreu, Jose Luis. aSistemas numéricos aMéxico :bLimusa,c1982 a125 p.b: ilus. aCol. Bachillerato tecnológico. Tronco Común. Matemáticas. Textov; 114aNúmeros, teoría de los.0 aFetter, Helga.0 aReyes, Araceli.0 aMéxico. Dirección General de Planeación Educativa.0 aCol. Bachillerato tecnológico. Tronco Común. Matemáticas. Textov; 1